<?xml version="1.0" encoding="UTF-8"?>
<collection xmlns="http://www.loc.gov/MARC21/slim">
 <record>
  <leader>01214nam a22002057a 4500</leader>
  <controlfield tag="001">NCT_135550</controlfield>
  <controlfield tag="008">220608b        xxu||||| |||| 00| 0 vie d</controlfield>
  <datafield tag="999" ind1=" " ind2=" ">
   <subfield code="c">6997</subfield>
   <subfield code="d">6997</subfield>
  </datafield>
  <datafield tag="020" ind1=" " ind2=" ">
   <subfield code="c">135000</subfield>
  </datafield>
  <datafield tag="082" ind1="0" ind2="4">
   <subfield code="2">23rd ed.</subfield>
   <subfield code="a">351.597</subfield>
   <subfield code="b">M125S</subfield>
  </datafield>
  <datafield tag="245" ind1="0" ind2="0">
   <subfield code="a">Mẫu soạn thảo văn bản thông dụng : </subfield>
   <subfield code="b">Hành chính - lao động - kinh tế - đất đai - xây dựng</subfield>
   <subfield code="c">Minh Ngọc (biên soạn)</subfield>
  </datafield>
  <datafield tag="260" ind1=" " ind2=" ">
   <subfield code="a">H.</subfield>
   <subfield code="b">Lao Động</subfield>
   <subfield code="c">2013</subfield>
  </datafield>
  <datafield tag="300" ind1=" " ind2=" ">
   <subfield code="a">795 tr.</subfield>
   <subfield code="b">Bảng</subfield>
   <subfield code="c">21cm</subfield>
  </datafield>
  <datafield tag="520" ind1="3" ind2=" ">
   <subfield code="a">Cuốn sách này nói về những nội dung về văn bản như mẫu văn bản hành chính, mẫu văn trong lĩnh vực dân sự, mẫu văn bản lao động, mẫu văn bản về bảo trợ xã hội.....</subfield>
  </datafield>
  <datafield tag="653" ind1=" " ind2=" ">
   <subfield code="a">Luật học</subfield>
  </datafield>
  <datafield tag="700" ind1="1" ind2=" ">
   <subfield code="a">Minh Ngọc</subfield>
   <subfield code="e">Biên soạn</subfield>
  </datafield>
  <datafield tag="942" ind1=" " ind2=" ">
   <subfield code="2">ddc</subfield>
   <subfield code="c">BK</subfield>
  </datafield>
  <datafield tag="952" ind1=" " ind2=" ">
   <subfield code="0">0</subfield>
   <subfield code="1">0</subfield>
   <subfield code="2">ddc</subfield>
   <subfield code="4">0</subfield>
   <subfield code="6">351_597000000000000_M125S</subfield>
   <subfield code="7">0</subfield>
   <subfield code="9">24930</subfield>
   <subfield code="a">000001</subfield>
   <subfield code="b">000001</subfield>
   <subfield code="d">2022-06-08</subfield>
   <subfield code="o">351.597 M125S</subfield>
   <subfield code="p">MD.19589</subfield>
   <subfield code="r">2022-06-08</subfield>
   <subfield code="v">135000.00</subfield>
   <subfield code="w">2022-06-08</subfield>
   <subfield code="y">BK</subfield>
  </datafield>
  <datafield tag="952" ind1=" " ind2=" ">
   <subfield code="0">0</subfield>
   <subfield code="1">0</subfield>
   <subfield code="2">ddc</subfield>
   <subfield code="4">0</subfield>
   <subfield code="6">351_597000000000000_M125S</subfield>
   <subfield code="7">0</subfield>
   <subfield code="9">24946</subfield>
   <subfield code="a">000001</subfield>
   <subfield code="b">000001</subfield>
   <subfield code="d">2022-06-10</subfield>
   <subfield code="o">351.597 M125S</subfield>
   <subfield code="p">MD.19590</subfield>
   <subfield code="r">2022-06-10</subfield>
   <subfield code="v">135000.00</subfield>
   <subfield code="w">2022-06-10</subfield>
   <subfield code="y">BK</subfield>
  </datafield>
  <datafield tag="980" ind1=" " ind2=" ">
   <subfield code="a">Thư viện Trường Đại học Nam Cần Thơ</subfield>
  </datafield>
 </record>
</collection>
